000 00316nam a2200133 i 4500
001 bg
245 0 _aKatalog norm zużycia materiałów budowlanych.
250 _aWyd.6 znowelizowane.
260 _aWarszawa,
_c1969.
040 _cBPK
041 _apol
942 _cKS
008 s pl f |000 0 pol
999 _c10508
_d10508
856 _uhttp://koha.tu.koszalin.pl/cgi-bin/koha/opac-detail.pl?biblionumber=10508
_yKatalog online BPK